| 000 | 00899nam a2200265Ia 4500 | ||
|---|---|---|---|
| 001 | 34734 | ||
| 003 | BD-RjUL | ||
| 005 | 20211209052213.0 | ||
| 008 | 140519t19981996ii b 001 0 eng d | ||
| 020 | _a0195645596 | ||
| 035 | _a(BD-RjUL)34828 | ||
| 040 |
_aFUG _cFUG _beng _dBD-RjUL |
||
| 041 | _aeng | ||
| 082 | 0 | 4 |
_a306.0954 _bSRV 1998 |
| 100 | 1 |
_aSrinivas, Mysore Narasimhachar. _965888 |
|
| 245 | 1 | 0 |
_aVillage, caste, gender and method : _bessays in Indian social anthropology / _cM.N. Srinivas. |
| 260 |
_aDelhi ; _aNew York : _bOxford University Press, _cc1996 [1998]. |
||
| 300 |
_axvii, 244 p. ; _c22 cm. |
||
| 504 | _aIncludes bibliographical references (p. [234]-239) and index. | ||
| 650 | 0 |
_aCaste _zIndia. _9105679 |
|
| 650 | 0 |
_aSocial structure _zIndia. _9105283 |
|
| 650 | 0 |
_aWomen _zIndia _xSocial conditions. _95623 |
|
| 942 |
_2ddc _cBK |
||
| 999 |
_c34734 _d34734 |
||